Safe firefighting : (Record no. 135725)
[ view plain ]
| 000 -LEADER | |
|---|---|
| fixed length control field | 00745nam a2200253 a 4500 |
| 008 - FIXED-LENGTH DATA ELEMENTS--GENERAL INFORMATION | |
| fixed length control field | |
| 020 ## - INTERNATIONAL STANDARD BOOK NUMBER | |
| International Standard Book Number | 0072979135 (pbk.) |
| 049 ## - LOCAL HOLDINGS (OCLC) | |
| Holding library | MAIN |
| 090 ## - LOCALLY ASSIGNED LC-TYPE CALL NUMBER (OCLC); LOCAL CALL NUMBER (RLIN) | |
| Classification number (OCLC) (R) ; Classification number, CALL (RLIN) (NR) | TH9120 |
| Local cutter number (OCLC) ; Book number/undivided call number, CALL (RLIN) | KID |
| 003 - CONTROL NUMBER IDENTIFIER | |
| control field | |
| 005 - DATE AND TIME OF LATEST TRANSACTION | |
| control field | 20230123125111.0 |
| 040 ## - CATALOGING SOURCE | |
| Transcribing agency | NUST |
| 100 1# - MAIN ENTRY--PERSONAL NAME | |
| Personal name | Kidd, Steve |
| 245 10 - TITLE STATEMENT | |
| Title | Safe firefighting : |
| Remainder of title | first things first / |
| Statement of responsibility, etc. | Steve Kidd, John Czajkowski and Garry Briese. |
| 260 ## - PUBLICATION, DISTRIBUTION, ETC. | |
| Place of publication, distribution, etc. | Boston : |
| Name of publisher, distributor, etc. | McGraw-Hill, |
| Date of publication, distribution, etc. | 2007. |
| 300 ## - PHYSICAL DESCRIPTION | |
| Extent | xxiii, 296 p. |
| Other physical details | col. ill. ; |
| Dimensions | 27 cm. |
| 440 ## - SERIES STATEMENT/ADDED ENTRY--TITLE | |
| Title | McGraw-Hill companies ; |
| Volume/sequential designation | . 1. |
| 500 ## - GENERAL NOTE | |
| General note | Includes index. |
| 650 #1 - SUBJECT ADDED ENTRY--TOPICAL TERM | |
| Topical term or geographic name entry element | Firefighting. |
| 700 ## - ADDED ENTRY--PERSONAL NAME | |
| Personal name | Briese, Garry. |
| 700 ## - ADDED ENTRY--PERSONAL NAME | |
| Personal name | Czajkowski, John. |
| 907 ## - LOCAL DATA ELEMENT G, LDG (RLIN) | |
| a | .b10287917 |
| b | 03-05-11 |
| c | 22-11-10 |
| 942 ## - ADDED ENTRY ELEMENTS (KOHA) | |
| Koha item type | Ordinary Loan Books |
| Call number prefix | TH9120 |
| Call number suffix | KID |
| Date last seen | Total Checkouts | Full call number | Barcode | Cost, replacement price | Price effective from | Koha item type | Lost status | Source of classification or shelving scheme | Damaged status | Not for loan | Collection | Withdrawn status | Home library | Current library | Shelving location | Date acquired | Cost, normal purchase price |
|---|---|---|---|---|---|---|---|---|---|---|---|---|---|---|---|---|---|
| 01/23/2023 | TH9120 KID | 92004016746 | 80.00 | 01/23/2023 | BOOKS | LCC | NFIC | MAIN | MAIN | GEN | 01/23/2023 | 80.00 |